နိဗ္ဗာန်အယူအဆကိုထေရဝါဒရှုထောင့်မှလေ့လာသုံးသပ်ခြင်း / (Record no. 18374)

000 -LEADER
fixed length control field 00971nam a2200217Ia 4500
003 - CONTROL NUMBER IDENTIFIER
control field OSt
005 - DATE AND TIME OF LATEST TRANSACTION
control field 20241025135801.0
007 - PHYSICAL DESCRIPTION FIXED FIELD--GENERAL INFORMATION
fixed length control field ca aa aaaaa
008 - FIXED-LENGTH DATA ELEMENTS--GENERAL INFORMATION
fixed length control field 201103s9999 xx 000 0 und d
040 ## - CATALOGING SOURCE
Transcribing agency SSBUL
041 ## - LANGUAGE CODE
Language code of text/sound track or separate title bur
082 ## - DEWEY DECIMAL CLASSIFICATION NUMBER
Classification number ၂၉၄.၃၄၃၅၁
Item number ဓမ်
100 ## - MAIN ENTRY--PERSONAL NAME
Personal name ‌ဓမ္မာပိယ၊ အရှင်၊ ‌ဒေါက်တာ-
9 (RLIN) 18193
245 10 - TITLE STATEMENT
Title နိဗ္ဗာန်အယူအဆကိုထေရဝါဒရှုထောင့်မှလေ့လာသုံးသပ်ခြင်း /
Statement of responsibility, etc. ဒေါက်တာ အရှင်ဓမ္မပိယ ၊ဘာသာအပြန်သူ အရှင်ကေလာသ ။
260 ## - PUBLICATION, DISTRIBUTION, ETC.
Place of publication, distribution, etc. ရန်ကုန် ၊
Name of publisher, distributor, etc. အပ္ပမဒ ၊
Date of publication, distribution, etc. ၂၀၀၅။
300 ## - PHYSICAL DESCRIPTION
Extent က - ဈ ၊ ၁၇၀ စာမျက်နှာ ၊
Dimensions ၂၂ စင်တီ။
650 ## - SUBJECT ADDED ENTRY--TOPICAL TERM
Topical term or geographic name entry element အဘိဓမ္မာ
942 ## - ADDED ENTRY ELEMENTS (KOHA)
Koha item type Books (Long term)
Source of classification or shelving scheme
Source of classification or shelving scheme
Call number suffix ဓမ်
Source of classification or shelving scheme
Holdings
Withdrawn status Lost status Source of classification or shelving scheme Damaged status Not for loan Collection code Permanent Location Current Location Shelving location Date acquired Total Checkouts Full call number Barcode Date last seen Price effective from Koha item type Accession
          Myanmar Collection Shan State Buddhist University Library Shan State Buddhist University Library Myanmar Shelves 17/02/2023   ၂၉၄.၃၄၃၅၁ ဓမ် ၃၄၇ MB00000347 17/02/2023 17/02/2023 Books (Long term) ၃၄၇

Library - 09407999929
Admin Office - 09407999979
Dean Office - 09250910768
Registrar Office - 09892297154
Email - [email protected]
Shan State Buddhist University, Phaya Phyu Taunggyi, Shan State, Myanmar.